000 00554nam a22001577a 4500
003 NUST
082 _a610
100 _a Naqvi ,Syeda Samana Aftab
_9122479
245 _aEpidemiological Assessment of Registered Cancer Patients in PIMS, Islamabad /
_cSyeda Samana Aftab Naqvi
264 _aIslamabad:
_bSMME- NUST.
_c2019.
300 _a63p. ;
_bSoft Copy,
_c30cm.
650 _aMS Biomedical Sciences (BMS)
700 _aSupervised : Dr. Adeeb Shehzad
_9122266
856 _uhttp://10.250.8.41:8080/xmlui/handle/123456789/28789
942 _2ddc
_cTHE
999 _c608959
_d608959